LEADER 01172nam a2200289 i 4500 001 000000189415 003 CaOOAMICUS 005 20150203000000.0 008 150203s1940 it u000 u ita u 013 $a167688 040 $aSeMil$bita 100 1 $aRosmini, Antonio,$c.$0(OLS)http://semarc/name/405 245 10$aIntroduzione alla vita cristiana /$cAntonio Rosmini. 260 $aDomodossola ; Milano :$bS.A.L.E. Sodalitas,$c1940. 300 $a283 p. ;$c17 cm. 490 0 $aPiccola collana Charitas 500 $aFondo card. Giovanni Colombo. 650 4$aRosmini Serbati, Antonio - Opere.$0(OLS)http://semarc/subject/3972 830 0$aPiccola collana Charitas.$0(OLS)http://semarc/title/30668 850 $aSeMil 852 $aSeMil$W1$xVenegono$y1$m3GC I 223$j140046$B140046$CSeMilBibl$Z2$F151648 $8B 900 1 $aRosmini Serbati, Antonio. 941 1 $a3 961 $aLascito: Colombo Card. Giovanni 996 $6245$aIntroduzione alla vita cristiana$9(OLS)http://semarc/title/272715 996 $6260$aDomodossola ; Milano :$bS.A.L.E. Sodalitas$9(OLS)http://semarc/publisher/42383 LEADER 00535naa a2200145 i 4500 001 000000300991 003 CaOOAMICUS 005 20180831172713.0 008 180831n xx u000 u und u 013 $a8713 040 $aSeMil$bita 100 1 $aRand, Edward Kennard,$d<1871-1945>.$0(OLS)http://semarc/name/66443 245 12$aA Friend of the Classics in the times of St. Thomas Aquinas. 773 0 $tTome 1.$kBibliothèque thomiste$w()34947 996 $6245$aA Friend of the Classics in the times of St. Thomas Aquinas$9(OLS)http://semarc/title/377004